Every Football Player with 500+ Goals - Statistics

General Stats
  • This quiz has been taken 87 times
  • The average score is 8 of 23
Answer Stats
Years Active Number of Goals Player % Correct
2002-present 813 Cristiano Ronaldo
100%
2004-present 764 Lionel Messi
100%
1957-1977 762 Pelé
96%
1999–present 560 Zlatan Ibrahimović
73%
2004–present 563 Robert Lewandowski
65%
1964–1981 634 Gerd Müller
64%
2005–present 520 Luis Suárez
64%
1945–1966 530 Alfredo Di Stéfano
62%
1943–1966 729 Ferenc Puskás
62%
1985–2007 755 Romário
53%
1958–1981 619 Eusébio
36%
1931–1955 720 Josef Bican
19%
1976–1997 507 Hugo Sánchez
17%
1954–1978 551 Uwe Seeler
9%
1947–1964 647 Jimmy Jones
3%
1971–1992 511 Roberto Dinamite
3%
1937–1949 553 Fernando Peyroteo
1%
1987–2011 561 Glenn Ferguson
1%
1930–1948 526 György Sárosi
1%
1926–1943 616 Joe Bambrick
1%
1930–1949 502 Franz Binder
0%
1905–1928 504 Imre Schlosser
0%
1922–1937 552 Jimmy McGrory
0%
No matching quizzes found
Score Distribution
Percent of People with Each Score
Percentile by Number Answered
Your Score History
You have not taken this quiz